Normal view MARC view
  • गारे गोविंद

Entry Personal Name

Number of records used in: 1

001 - CONTROL NUMBER

  • control field: 42750

003 - CONTROL NUMBER IDENTIFIER

  • control field: OSt

005 - DATE AND TIME OF LATEST TRANSACTION

  • control field: 20220806101251.0

008 - FIXED-LENGTH DATA ELEMENTS

  • fixed length control field: 220806|| aca||aabn | a|a d

040 ## - CATALOGING SOURCE

  • Original cataloging agency: OSt
  • Transcribing agency: OSt

100 ## - HEADING--PERSONAL NAME

  • Personal name: गारे गोविंद

670 ## - SOURCE DATA FOUND

  • Source citation: Work cat.: (OSt)25467: गारे गोविंद, आदिवासी समस्‍या आणि बदलते संदर्भ, 1999